[Event "9. Oeffinger Schachopen"]
[Site "Fellbach-Oeffingen"]
[Date "2018.05.19"]
[Round "1.1"]
[White "Schnepp, Gunnar"]
[Black "Schömbs, Oliver"]
[Result "1-0"]
[WhiteElo "2332"]
[BlackElo "1817"]
[PlyCount "85"]
[EventDate "2018.??.??"]
[WhiteTeam "SK Lauffen"]
[BlackTeam "SC Ingersheim"]

1. d4 Nf6 2. c4 g6 3. Nc3 Bg7 4. e4 d6 5. Be2 O-O 6. Nf3 e5 7. O-O Nc6 8. d5
Ne7 9. Nd2 Nd7 10. Rb1 f5 11. b4 f4 12. a4 g5 13. c5 Nf6 14. f3 Rf7 15. Nc4 Bf8
16. b5 Ng6 17. b6 dxc5 18. bxc7 Rxc7 19. Bb2 Rg7 20. Nb5 a6 21. Nba3 Qe8 22.
Nb6 Rb8 23. Nac4 g4 24. fxg4 Nxe4 25. Bf3 Nf6 26. Re1 Nh4 27. Bxe5 Bxg4 28.
Bxg4 Rxg4 29. Bxf6 Qg6 30. Bxh4 Rxh4 31. Ne5 Qg7 32. Nbd7 Bd6 33. Nf3 Rg4 34.
Nxb8 Rxg2+ 35. Kh1 Rg6 36. Re8+ Bf8 37. d6 Qh6 38. d7 Rd6 39. Qb3+ Kh8 40. Qc3+
Kg8 41. Rg1+ Rg6 42. Rxg6+ Qxg6 43. d8=R 1-0

[Event "9. Oeffinger Schachopen"]
[Site "Fellbach-Oeffingen"]
[Date "2018.05.19"]
[Round "1.2"]
[White "Engelhardt, Frank"]
[Black "Gheng, Josef"]
[Result "0-1"]
[WhiteElo "1803"]
[BlackElo "2328"]
[PlyCount "70"]
[EventDate "2018.??.??"]
[WhiteTeam "SC Botnang"]
[BlackTeam "SK Wernau"]

1. e4 c5 2. Nf3 g6 3. d4 cxd4 4. Nxd4 Nf6 5. Nc3 d6 6. Be2 Bg7 7. O-O O-O 8.
Be3 Nc6 9. f3 d5 10. exd5 Nxd5 11. Nxd5 Qxd5 12. Nxc6 Qxc6 13. c3 Be6 14. Qc2
b5 15. Rfc1 Bxa2 16. Bxb5 Qxb5 17. Rxa2 a5 18. Rca1 Rfc8 19. Ra4 h5 20. Kf2
Rab8 21. R1a2 Ra8 22. Qe2 Qf5 23. Re4 Be5 24. h3 Bd6 25. g4 hxg4 26. hxg4 Qf6
27. g5 Qh8 28. Kg1 Rab8 29. Qf2 Rxc3 30. Rxa5 Rd3 31. Rh4 Qxh4 32. Qxh4 Rxe3
33. Qf2 Reb3 34. Ra2 Bf4 35. Qc5 Be3+ 0-1

[Event "9. Oeffinger Schachopen"]
[Site "Fellbach-Oeffingen"]
[Date "2018.05.19"]
[Round "1.4"]
[White "Graf, Michael"]
[Black "Degenhardt, Horst"]
[Result "1/2-1/2"]
[WhiteElo "1782"]
[BlackElo "2225"]
[PlyCount "60"]
[EventDate "2018.??.??"]
[WhiteTeam "SC Grunbach"]
[BlackTeam "SC Lorsch"]

1. b4 d6 2. Bb2 e5 3. e3 Nf6 4. Nf3 Be7 5. c4 O-O 6. d4 exd4 7. Nxd4 c5 8. Nc2
Nc6 9. b5 Ne5 10. Be2 Be6 11. Nd2 Qc7 12. O-O d5 13. Ne1 Rad8 14. Qc2 b6 15. a4
Bd6 16. Nef3 Nxf3+ 17. Nxf3 Be7 18. Ng5 g6 19. Qc3 d4 20. exd4 cxd4 21. Qd2 Bc5
22. Rfd1 Ng4 23. g3 Ne5 24. Qf4 Qd6 25. Ne4 Qb8 26. Nf6+ Kg7 27. g4 Nxc4 28.
Nh5+ Kg8 29. Nf6+ Kg7 30. Nh5+ Kg8 1/2-1/2

[Event "9. Oeffinger Schachopen"]
[Site "Fellbach-Oeffingen"]
[Date "2018.05.19"]
[Round "1.5"]
[White "Löhr, Markus"]
[Black "Michna, Marcus"]
[Result "1-0"]
[WhiteElo "2200"]
[BlackElo "1749"]
[PlyCount "45"]
[EventDate "2018.??.??"]
[WhiteTeam "SK Schmiden/Cannstatt"]
[BlackTeam "TSF Ditzingen"]

1. d4 Nf6 2. c4 c5 3. d5 b5 4. cxb5 a6 5. b6 Qxb6 6. Nc3 g6 7. e4 d6 8. Nf3 Bg4
9. Qa4+ Bd7 10. Qb3 Qc7 11. Nd2 Ra7 12. a4 Bg7 13. a5 O-O 14. Be2 Bc8 15. Nc4
Nbd7 16. O-O e6 17. Bf4 e5 18. Bd2 Ne8 19. Kh1 f5 20. f4 exf4 21. Bxf4 Ne5 22.
Nxe5 dxe5 23. d6+ 1-0

[Event "9. Oeffinger Schachopen"]
[Site "Fellbach-Oeffingen"]
[Date "2018.05.19"]
[Round "1.6"]
[White "Dürr, Hanno"]
[Black "Gustain, Marc"]
[Result "0-1"]
[WhiteElo "1746"]
[BlackElo "2142"]
[PlyCount "82"]
[EventDate "2018.??.??"]
[WhiteTeam "SGem Vaihingen-Rohr"]
[BlackTeam "SF Deizisau"]

1. d4 d5 2. Nf3 Nf6 3. e3 c5 4. c3 cxd4 5. exd4 Nc6 6. Bf4 g6 7. Bd3 Bg7 8.
Nbd2 O-O 9. Ne5 Nh5 10. Nxc6 bxc6 11. Be3 Qc7 12. Qf3 a5 13. h3 a4 14. a3 e5
15. dxe5 Bxe5 16. O-O Ng7 17. Qe2 Re8 18. Nf3 Bf6 19. Qd2 Bf5 20. Rad1 Bxd3 21.
Qxd3 Nf5 22. Bg5 Bg7 23. g4 Nd6 24. Bf4 Qd7 25. Rfe1 Rxe1+ 26. Rxe1 Nc4 27. Qe2
Rc8 28. Ne5 Nxe5 29. Bxe5 Re8 30. f4 f6 31. Qd1 fxe5 32. fxe5 Qa7+ 33. Kg2 Rxe5
34. Rf1 Re8 35. Rf4 Qb8 36. Qxa4 Qxb2+ 37. Rf2 Qxc3 38. Qa7 Qe5 39. Qf7+ Kh8
40. Qd7 Qe4+ 41. Rf3 Rf8 0-1

[Event "9. Oeffinger Schachopen"]
[Site "Fellbach-Oeffingen"]
[Date "2018.05.19"]
[Round "1.7"]
[White "Scholl, Martin"]
[Black "Lube, Manfred"]
[Result "1-0"]
[WhiteElo "2049"]
[BlackElo "1734"]
[PlyCount "81"]
[EventDate "2018.??.??"]
[WhiteTeam "TSV/RSK Esslingen"]
[BlackTeam "SGem Vaihingen-Rohr"]

1. b3 e5 2. Bb2 d6 3. e3 c5 4. d4 exd4 5. exd4 cxd4 6. Qxd4 Nf6 7. Nc3 Nc6 8.
Qe3+ Be7 9. O-O-O O-O 10. f3 Be6 11. Kb1 d5 12. Nge2 Qa5 13. Nd4 Nxd4 14. Qxd4
Rfd8 15. g4 a6 16. g5 Ne8 17. h4 Rac8 18. Bh3 Bc5 19. Qd3 Bxh3 20. Rxh3 Ba3 21.
f4 Bxb2 22. Kxb2 d4 23. Ne4 Nd6 24. Nxd6 Rxd6 25. Qe4 g6 26. Rxd4 Re6 27. Qd3
b5 28. f5 Ree8 29. h5 b4 30. a4 bxa3+ 31. Ka2 Red8 32. hxg6 hxg6 33. Rdh4 Qe5
34. Rh8+ Qxh8 35. Rxh8+ Kxh8 36. Qh3+ Kg8 37. f6 Rxc2+ 38. Kxa3 Rdd2 39. Qh6
Ra2+ 40. Kb4 a5+ 41. Kb5 1-0

[Event "9. Oeffinger Schachopen"]
[Site "Fellbach-Oeffingen"]
[Date "2018.05.19"]
[Round "1.8"]
[White "Dirmeier, Alexander"]
[Black "Esterluss, Johannes"]
[Result "1/2-1/2"]
[WhiteElo "1740"]
[BlackElo "2022"]
[PlyCount "53"]
[EventDate "2018.??.??"]
[WhiteTeam "SGem Vaihingen-Rohr"]
[BlackTeam "SC Lorsch"]

1. d4 Nf6 2. c4 d6 3. Nc3 c6 4. e4 Nbd7 5. Nf3 e5 6. d5 Be7 7. Be2 O-O 8. O-O
Nc5 9. Qc2 a5 10. h3 cxd5 11. cxd5 Bd7 12. Be3 Rc8 13. Nd2 b5 14. Qb1 b4 15.
Nb5 Qb6 16. a4 Qb8 17. b3 Ne8 18. Nc4 Bd8 19. Rc1 Bb6 20. Nxb6 Qxb6 21. Ra2 f5
22. Rac2 Bxb5 23. Bxb5 Nf6 24. Bxc5 Rxc5 25. Rxc5 dxc5 26. exf5 Qd6 27. Bc4
1/2-1/2

[Event "9. Oeffinger Schachopen"]
[Site "Fellbach-Oeffingen"]
[Date "2018.05.19"]
[Round "2.1"]
[White "Siegle, Florian"]
[Black "Schnepp, Gunnar"]
[Result "0-1"]
[WhiteElo "1947"]
[BlackElo "2332"]
[PlyCount "88"]
[EventDate "2018.??.??"]
[WhiteTeam "Stuttgarter SF"]
[BlackTeam "SK Lauffen"]

1. e4 c5 2. c4 Nc6 3. Nc3 g6 4. Nf3 Bg7 5. d3 Nf6 6. Be2 O-O 7. O-O a6 8. Bd2
Rb8 9. a4 Ne8 10. Qc1 d6 11. Bh6 Bg4 12. Bxg7 Nxg7 13. Ng5 Bd7 14. Nf3 Ne6 15.
Qh6 Ncd4 16. Ng5 Nxg5 17. Qxg5 b5 18. axb5 axb5 19. cxb5 Bxb5 20. Rfd1 Bd7 21.
Rab1 Rb3 22. Bf1 e6 23. Qxd8 Rxd8 24. Ne2 e5 25. Nxd4 exd4 26. Rd2 Rdb8 27. f3
Kg7 28. Kf2 f5 29. g3 fxe4 30. fxe4 Kf6 31. Ke1 Ke5 32. Rf2 Bc6 33. Rc2 Bb5 34.
Rd2 Bc6 35. Rc2 R8b4 36. Kd2 c4 37. Re1 Rxb2 38. dxc4 Ba4 39. Rxb2 Rxb2+ 40.
Kd3 Bc2+ 41. Kd2 Bxe4+ 42. Kd1 Rxh2 43. Be2 Rh1 44. Bf1 Rg1 0-1

[Event "9. Oeffinger Schachopen"]
[Site "Fellbach-Oeffingen"]
[Date "2018.05.19"]
[Round "2.2"]
[White "Gheng, Josef"]
[Black "Keller, Joachim"]
[Result "1-0"]
[WhiteElo "2328"]
[BlackElo "1948"]
[PlyCount "83"]
[EventDate "2018.??.??"]
[WhiteTeam "SK Wernau"]
[BlackTeam "SK Bebenhausen"]

1. c4 e6 2. Nf3 f5 3. g3 c6 4. Bg2 d5 5. O-O Nf6 6. b3 Bd6 7. Bb2 O-O 8. Qc2
Qe7 9. d4 Nbd7 10. cxd5 cxd5 11. Ne5 Ne4 12. f3 Nxe5 13. fxe4 Ng4 14. e5 Bb4
15. Qd3 Bd7 16. h3 Nh6 17. a3 Ba5 18. b4 Bb6 19. Nc3 Nf7 20. e3 Ng5 21. a4 Ne4
22. Ne2 g5 23. Ba3 Qe8 24. b5 Rf7 25. g4 Rc8 26. Bxe4 fxe4 27. Qd2 Rf3 28. Rxf3
exf3 29. Ng3 Qg6 30. Rf1 Rc2 31. Qb4 Bc5 32. Qxc5 Rxc5 33. Bxc5 b6 34. Bd6 Be8
35. Rxf3 Bf7 36. e4 dxe4 37. Rf6 Qg7 38. Nxe4 h5 39. gxh5 Bxh5 40. Rf8+ Kh7 41.
Nf6+ Kh6 42. Rg8 1-0

[Event "9. Oeffinger Schachopen"]
[Site "Fellbach-Oeffingen"]
[Date "2018.05.19"]
[Round "2.3"]
[White "Neyman, Igor"]
[Black "Gheng, Dominik"]
[Result "1-0"]
[WhiteElo "2321"]
[BlackElo "1939"]
[PlyCount "135"]
[EventDate "2018.??.??"]
[WhiteTeam "Stuttgarter SF"]
[BlackTeam "Schach-Kids Bernhausen"]

1. d4 d5 2. c4 e6 3. Nc3 Nf6 4. Bg5 Be7 5. cxd5 exd5 6. e3 O-O 7. Bd3 h6 8. Bh4
b6 9. Nf3 Bb7 10. O-O Nbd7 11. Rc1 c5 12. Bb1 Ne4 13. Bxe7 Qxe7 14. Qd3 Ndf6
15. Ne5 a5 16. Rfd1 Ba6 17. Qc2 Qe6 18. f3 Nd6 19. Qf2 cxd4 20. exd4 Nc4 21.
Re1 Qd6 22. b3 Na3 23. Bf5 Nb5 24. Na4 Na7 25. Qg3 Bc8 26. Bd3 Qb4 27. Qf2 Bd7
28. Nxd7 Nxd7 29. Rc7 Rfd8 30. h3 Qd6 31. Rc2 Rac8 32. Rce2 b5 33. Nc5 Nxc5 34.
dxc5 Qf8 35. Rc1 d4 36. Rec2 b4 37. c6 Rc7 38. Qh4 Qd6 39. Qe4 g6 40. Rc5 Rdc8
41. Rd5 Qf6 42. Qxd4 Qxd4+ 43. Rxd4 Rxc6 44. Rxc6 Nxc6 45. Rd5 Rd8 46. Rxd8+
Nxd8 47. Kf2 Kf8 48. Ke3 Ke7 49. Kd4 Kd6 50. Kc4 Nc6 51. Kb5 f5 52. f4 Nd4+ 53.
Kxa5 Kc5 54. h4 Ne6 55. g3 Nd4 56. Ka4 Nc6 57. Bb5 Nd4 58. Bc4 Nf3 59. Bf7 g5
60. fxg5 hxg5 61. h5 Ne5 62. Be6 f4 63. gxf4 gxf4 64. h6 f3 65. h7 Ng6 66. Bh3
f2 67. a3 bxa3 68. Kxa3 1-0

[Event "9. Oeffinger Schachopen"]
[Site "Fellbach-Oeffingen"]
[Date "2018.05.19"]
[Round "2.4"]
[White "Süss, Stefan"]
[Black "Löhr, Markus"]
[Result "1/2-1/2"]
[WhiteElo "1915"]
[BlackElo "2200"]
[PlyCount "48"]
[EventDate "2018.??.??"]
[WhiteTeam "SG Schwabing München"]
[BlackTeam "SK Schmiden/Cannstatt"]

1. e4 c6 2. d4 d5 3. e5 c5 4. dxc5 e6 5. Qg4 h5 6. Qg3 h4 7. Qg4 Nh6 8. Bxh6
Rxh6 9. Bd3 Nd7 10. Nf3 Nxc5 11. Bb5+ Bd7 12. Bxd7+ Nxd7 13. Nc3 f5 14. exf6
Qxf6 15. Qa4 h3 16. O-O-O Bd6 17. Rhe1 Qf4+ 18. Qxf4 Bxf4+ 19. Kb1 O-O-O 20. g3
Bb8 21. Ng5 Rf8 22. f4 Rff6 23. Re2 Nf8 24. Rde1 Nd7 1/2-1/2

[Event "9. Oeffinger Schachopen"]
[Site "Fellbach-Oeffingen"]
[Date "2018.05.19"]
[Round "2.5"]
[White "Beckers, Manfred"]
[Black "Scholl, Martin"]
[Result "1-0"]
[WhiteElo "1890"]
[BlackElo "2049"]
[PlyCount "123"]
[EventDate "2018.??.??"]
[WhiteTeam "SC Plüderhausen"]
[BlackTeam "TSV/RSK Esslingen"]

1. c4 b6 2. d4 Bb7 3. Nc3 e6 4. e4 Bb4 5. f3 f5 6. exf5 Nh6 7. Be3 Nxf5 8. Bf2
O-O 9. Nge2 Nc6 10. Ng3 Qf6 11. Nxf5 Bxc3+ 12. bxc3 exf5 13. Be2 Na5 14. O-O
Ba6 15. c5 bxc5 16. Bxa6 Qxa6 17. dxc5 Qc6 18. Qd4 Rae8 19. Rfe1 Nb7 20. Rad1
d6 21. Rxe8 Rxe8 22. Qd5+ Qxd5 23. Rxd5 Re2 24. cxd6 Nxd6 25. Bxa7 Rxa2 26. Bb8
g6 27. Bxc7 Nc4 28. Bf4 Rc2 29. Rd3 Kf7 30. h4 Ke6 31. Kh2 Ra2 32. Kg3 Rc2 33.
Bh6 Nb6 34. h5 Nd5 35. hxg6 hxg6 36. Bd2 Nb6 37. Kh4 Nc4 38. Bf4 Kf6 39. Bc7
g5+ 40. Kg3 f4+ 41. Kh3 Ne3 42. g3 Rf2 43. Rd6+ Kf7 44. gxf4 Rxf3+ 45. Kh2 gxf4
46. Rd4 Rf2+ 47. Kh3 Rf3+ 48. Kh2 Ng4+ 49. Kg2 Rg3+ 50. Kf1 Ne3+ 51. Ke2 Ng2
52. c4 f3+ 53. Kf2 Rh3 54. c5 Ke6 55. c6 Nh4 56. Rd6+ Ke7 57. Rh6 Rh1 58. Bg3
Rc1 59. Bxh4+ Kf7 60. Bg3 Rc3 61. c7 Ke7 62. Rh7+ 1-0

[Event "9. Oeffinger Schachopen"]
[Site "Fellbach-Oeffingen"]
[Date "2018.05.19"]
[Round "2.6"]
[White "Wiesner, Frank"]
[Black "Pfrommer, Martin"]
[Result "0-1"]
[WhiteElo "1870"]
[BlackElo "2002"]
[PlyCount "84"]
[EventDate "2018.??.??"]
[WhiteTeam "SK Wernau"]
[BlackTeam "SV Schorndorf"]

1. c4 e5 2. g3 Nf6 3. Bg2 d5 4. cxd5 Nxd5 5. Nc3 Nb6 6. Nf3 Nc6 7. O-O Be7 8.
d3 O-O 9. b3 Be6 10. Bb2 a5 11. Ne4 f5 12. Ned2 Bd6 13. Nc4 Nxc4 14. bxc4 Qe7
15. Nd2 Bd7 16. Nb1 Nd8 17. Nc3 c6 18. a4 Ne6 19. e3 Rad8 20. d4 Bc8 21. d5 Bb4
22. Qc2 Nc5 23. dxc6 bxc6 24. Bxc6 Be6 25. Nd5 Bxd5 26. Bxd5+ Kh8 27. Rfb1 e4
28. Bd4 Rc8 29. Rf1 Ne6 30. Bb2 Ng5 31. Rad1 Nf3+ 32. Kg2 Qg5 33. Rh1 h5 34. h4
Qg4 35. Be6 Rcd8 36. Bd4 Rd6 37. Bd5 Rc8 38. Qb2 Rg6 39. Kf1 Nxd4 40. Qxd4 Bc3
41. Qxc3 Qxd1+ 42. Kg2 Qxd5 0-1

[Event "9. Oeffinger Schachopen"]
[Site "Fellbach-Oeffingen"]
[Date "2018.05.19"]
[Round "2.7"]
[White "Röscheisen, Markus"]
[Black "Kumcu, Murat"]
[Result "1/2-1/2"]
[WhiteElo "1970"]
[BlackElo "1889"]
[PlyCount "84"]
[EventDate "2018.??.??"]
[WhiteTeam "TSV/RSK Esslingen"]
[BlackTeam "SC Waiblingen"]

1. e4 e5 2. Nf3 Nf6 3. Nxe5 d6 4. Nxf7 Kxf7 5. d4 g6 6. Nc3 Nc6 7. Bc4+ Kg7 8.
O-O Be7 9. f4 Nxe4 10. d5 Nxc3 11. bxc3 Nb8 12. Bb2 Rf8 13. g4 Qd7 14. Be2 Kf7
15. f5 gxf5 16. Rxf5+ Ke8 17. Bd3 Rxf5 18. Bxf5 Qd8 19. Bxh7 c6 20. Bg6+ Kd7
21. c4 Kc7 22. Qe2 Nd7 23. Re1 Bf6 24. Bxf6 Qxf6 25. Bf5 Ne5 26. Rf1 Bxf5 27.
Rxf5 Qg6 28. h3 Rg8 29. Kh2 c5 30. Qe4 Re8 31. Kg3 Kd7 32. Qf4 Re7 33. h4 Rf7
34. Rxf7+ Qxf7 35. Qxf7+ Nxf7 36. Kf4 Ke7 37. g5 Ne5 38. Kf5 Kf7 39. h5 Kg7 40.
g6 b6 41. Kg5 Nf3+ 42. Kf5 Ne5 1/2-1/2

[Event "9. Oeffinger Schachopen"]
[Site "Fellbach-Oeffingen"]
[Date "2018.05.19"]
[Round "2.8"]
[White "Steinhart, Christoph"]
[Black "Zehring, Mathias"]
[Result "1-0"]
[WhiteElo "1985"]
[BlackElo "1857"]
[PlyCount "59"]
[EventDate "2018.??.??"]
[WhiteTeam "TSV Schönaich"]
[BlackTeam "SC Waiblingen"]

1. e4 e5 2. Nf3 Nc6 3. d4 exd4 4. Nxd4 Qf6 5. Be3 Bc5 6. c3 Nge7 7. Bc4 Ne5 8.
Be2 Qg6 9. O-O d5 10. Nb5 Qb6 11. Bxc5 Qxc5 12. Qd4 Qxd4 13. cxd4 N5c6 14.
Nxc7+ Kd8 15. Nxa8 Nxd4 16. Nc3 b6 17. exd5 Nxe2+ 18. Nxe2 Nf5 19. Rac1 Ba6 20.
Rfe1 Re8 21. Nc7 Rxe2 22. Nxa6 Rxb2 23. a3 Nd4 24. Kf1 Nb3 25. Rc3 Nd2+ 26. Kg1
Ne4 27. Rf3 f6 28. h4 Nd2 29. Rd3 Kd7 30. d6 1-0

[Event "9. Oeffinger Schachopen"]
[Site "Fellbach-Oeffingen"]
[Date "2018.05.19"]
[Round "3.1"]
[White "Schnepp, Gunnar"]
[Black "Steinhart, Christoph"]
[Result "1/2-1/2"]
[WhiteElo "2332"]
[BlackElo "1985"]
[PlyCount "37"]
[EventDate "2018.??.??"]
[WhiteTeam "SK Lauffen"]
[BlackTeam "TSV Schönaich"]

1. d4 Nf6 2. Nf3 e6 3. g3 b6 4. Bg2 Bb7 5. O-O Be7 6. c4 O-O 7. d5 exd5 8. Nh4
c6 9. cxd5 Nxd5 10. Nf5 Nc7 11. Nc3 d5 12. e4 Nd7 13. exd5 Nxd5 14. Nxd5 cxd5
15. Re1 Bf6 16. Nd6 Bc6 17. Rb1 Ne5 18. Nf5 d4 19. Bxc6 1/2-1/2

[Event "9. Oeffinger Schachopen"]
[Site "Fellbach-Oeffingen"]
[Date "2018.05.19"]
[Round "3.2"]
[White "Engbrecht, Helmut"]
[Black "Gheng, Josef"]
[Result "0-1"]
[WhiteElo "1996"]
[BlackElo "2328"]
[PlyCount "66"]
[EventDate "2018.??.??"]
[WhiteTeam "SV Schorndorf"]
[BlackTeam "SK Wernau"]

1. f4 d5 2. Nf3 g6 3. e3 Bg7 4. Nc3 c6 5. d4 Bg4 6. h3 Bxf3 7. Qxf3 e6 8. Nd1
Nd7 9. a4 a6 10. Bd3 f6 11. g4 e5 12. fxe5 fxe5 13. O-O Qe7 14. Qf2 Ngf6 15. c3
O-O 16. Qh4 Qe6 17. Nf2 Ne8 18. Bd2 Nd6 19. Nh1 c5 20. Rxf8+ Rxf8 21. Re1 c4
22. Bc2 e4 23. Rf1 Bf6 24. g5 Be7 25. Rxf8+ Nxf8 26. Ng3 Nf7 27. Qg4 Nxg5 28.
Qxe6+ Nfxe6 29. Kg2 Nf3 30. Nf1 Bd6 31. Bd1 Neg5 32. Bxf3 Nxf3 33. b3 cxb3 0-1

[Event "9. Oeffinger Schachopen"]
[Site "Fellbach-Oeffingen"]
[Date "2018.05.19"]
[Round "3.3"]
[White "Weida, Alexander"]
[Black "Neyman, Igor"]
[Result "1/2-1/2"]
[WhiteElo "1980"]
[BlackElo "2321"]
[PlyCount "101"]
[EventDate "2018.??.??"]
[WhiteTeam "SC Waiblingen"]
[BlackTeam "Stuttgarter SF"]

1. Nf3 d5 2. c4 c6 3. b3 Nf6 4. g3 Bg4 5. Bg2 Nbd7 6. Bb2 e6 7. O-O Bd6 8. d3
O-O 9. Nbd2 Re8 10. Qc2 Qc7 11. e4 dxe4 12. dxe4 e5 13. h3 Bh5 14. Nh4 Bc5 15.
Nf5 Qd8 16. Bc3 a5 17. Rfe1 Qc7 18. a3 Qb6 19. Nf3 Bg6 20. N3h4 Bxf5 21. Nxf5
g6 22. Ne3 h5 23. Qb2 Bd4 24. b4 axb4 25. axb4 Bxc3 26. Qxc3 Qd4 27. Qxd4 exd4
28. Nf1 Ne5 29. Rxa8 Rxa8 30. Rd1 Nxc4 31. Rxd4 Nb6 32. Ne3 Kf8 33. e5 Nfd7 34.
Nc4 Ra1+ 35. Kh2 Ke7 36. Nd6 Nxe5 37. Nxb7 Ra2 38. Kg1 Ra1+ 39. Kh2 Ra2 40. Kg1
Ra3 41. Na5 Rc3 42. f4 Nf3+ 43. Bxf3 Rxf3 44. Nxc6+ Ke6 45. Kg2 Rc3 46. Ne5 Nd5
47. Rd3 Rc2+ 48. Kf3 Nxb4 49. Rb3 Nd5 50. Rd3 Rc3 51. Rxc3 1/2-1/2

[Event "9. Oeffinger Schachopen"]
[Site "Fellbach-Oeffingen"]
[Date "2018.05.19"]
[Round "3.4"]
[White "Reichenbächer, Thomas"]
[Black "Gustain, Marc"]
[Result "0-1"]
[WhiteElo "1979"]
[BlackElo "2142"]
[PlyCount "130"]
[EventDate "2018.??.??"]
[WhiteTeam "SVG Konstanz"]
[BlackTeam "SF Deizisau"]

1. d4 d5 2. Nf3 Nf6 3. e3 c5 4. c4 cxd4 5. exd4 g6 6. Nc3 Bg7 7. Qb3 dxc4 8.
Bxc4 O-O 9. O-O Nc6 10. Be2 Nxd4 11. Nxd4 Qxd4 12. Be3 Qe5 13. g3 Be6 14. Qb4
Nd5 15. Nxd5 Bxd5 16. Rad1 Bc6 17. b3 a5 18. Qf4 e6 19. Qxe5 Bxe5 20. Bb6 a4
21. Bc4 Rfc8 22. Rfe1 Bc7 23. Be3 Ba5 24. Rf1 axb3 25. Bxb3 Bb5 26. Bg5 Kg7 27.
Bf4 Bxf1 28. Kxf1 Rd8 29. Rb1 Rac8 30. g4 Bd2 31. Be5+ f6 32. Bb2 Kf7 33. h4
Bc3 34. Bc1 Bd4 35. Kg2 b6 36. Bf4 Ke7 37. Re1 e5 38. g5 Kd6 39. Bc1 f5 40.
Ba3+ Bc5 41. Bb2 Bd4 42. Ba3+ Kc6 43. Be7 Re8 44. Bf6 Kd6 45. Rd1 Rc5 46. Rd2
f4 47. Rd1 Rec8 48. Rd2 b5 49. Kf3 Rc1 50. Ke4 Re1+ 51. Kf3 Rc3+ 52. Kg2 Rec1
53. Bg7 Rc8 54. Bf6 R1c3 55. Rd1 Rxb3 56. axb3 Rc2 57. Rxd4+ exd4 58. Bxd4 Kd5
59. Bg7 Ke4 60. Bf6 Rd2 61. b4 Rd3 62. Be7 Rb3 63. Bd6 Kf5 64. f3 Rb2+ 65. Kg1
Ke6 0-1

[Event "9. Oeffinger Schachopen"]
[Site "Fellbach-Oeffingen"]
[Date "2018.05.19"]
[Round "3.5"]
[White "Pfrommer, Martin"]
[Black "Kolb, Roland"]
[Result "1-0"]
[WhiteElo "2002"]
[BlackElo "1952"]
[PlyCount "109"]
[EventDate "2018.??.??"]
[WhiteTeam "SV Schorndorf"]
[BlackTeam "SC Böblingen"]

1. e4 d5 2. exd5 Qxd5 3. d4 Nf6 4. Nc3 Qd6 5. Nf3 c6 6. g3 Bg4 7. Bg2 Qe6+ 8.
Be3 h6 9. h3 Bf5 10. g4 Bh7 11. O-O Nbd7 12. Re1 Qc4 13. Nd2 Qb4 14. Nb3 O-O-O
15. Bf4 g5 16. a3 Qb6 17. Be3 Qc7 18. Qe2 e6 19. Rac1 Bd6 20. d5 exd5 21. Bxa7
Rde8 22. Be3 Bh2+ 23. Kf1 Bf4 24. Qd2 Ne4 25. Nxe4 Bxe4 26. Bxf4 gxf4 27. f3
Bg6 28. c4 Rxe1+ 29. Rxe1 dxc4 30. Nc1 Nc5 31. Qd4 Qd8 32. Qxc5 Re8 33. Qxc4
Rxe1+ 34. Kxe1 Qe7+ 35. Qe2 Qc5 36. Nd3 Bxd3 37. Qxd3 Qc1+ 38. Kf2 Qxb2+ 39.
Kg1 Qc1+ 40. Bf1 Qc5+ 41. Kg2 Kc7 42. a4 Qb4 43. Qc4 Qd2+ 44. Be2 Kb6 45. h4 f6
46. Kf1 Qe3 47. Bd1 Ka5 48. Qe2 Qd4 49. Qe1+ Ka6 50. Be2+ b5 51. axb5+ cxb5 52.
Qb1 Qe5 53. Qe4 Qc7 54. Qa4+ Qa5 55. Qxa5+ 1-0

[Event "9. Oeffinger Schachopen"]
[Site "Fellbach-Oeffingen"]
[Date "2018.05.19"]
[Round "3.6"]
[White "Löhr, Markus"]
[Black "Beckers, Manfred"]
[Result "0-1"]
[WhiteElo "2200"]
[BlackElo "1890"]
[PlyCount "94"]
[EventDate "2018.??.??"]
[WhiteTeam "SK Schmiden/Cannstatt"]
[BlackTeam "SC Plüderhausen"]

1. d4 Nf6 2. c4 e6 3. g3 c5 4. d5 exd5 5. cxd5 d6 6. Nc3 g6 7. Bg2 Bg7 8. Nf3
O-O 9. O-O a6 10. a4 Re8 11. Bf4 Nh5 12. Bg5 Qc7 13. Rc1 Nd7 14. b4 Rb8 15.
bxc5 Nxc5 16. Nd2 h6 17. Be3 Rxe3 18. fxe3 Qe7 19. e4 Qg5 20. Kh1 Bg4 21. Nc4
b5 22. axb5 axb5 23. Nxd6 Be5 24. Nxf7 Nxg3+ 25. Kg1 Qe3+ 26. Rf2 Rf8 27. Nxh6+
Qxh6 28. Rxf8+ Kxf8 29. hxg3 Qe3+ 30. Kh1 Qxg3 31. Kg1 Qe3+ 32. Kh1 Bxc3 33.
Qf1+ Kg7 34. Rxc3 Qxc3 35. Qf4 Bxe2 36. e5 Qa1+ 37. Kh2 Nd7 38. e6 Qe5 39. Kg3
g5 40. Qxe5+ Nxe5 41. Kf2 Bc4 42. Ke3 Kf6 43. Kd4 Ng6 44. Kc5 Nf4 45. Kd6 Nxd5
46. Bxd5 Bxd5 47. Kxd5 Ke7 0-1

[Event "9. Oeffinger Schachopen"]
[Site "Fellbach-Oeffingen"]
[Date "2018.05.19"]
[Round "3.7"]
[White "Herold, Hansjoerg"]
[Black "Degenhardt, Horst"]
[Result "0-1"]
[WhiteElo "1961"]
[BlackElo "2225"]
[PlyCount "54"]
[EventDate "2018.??.??"]
[WhiteTeam "SV Böckingen"]
[BlackTeam "SC Lorsch"]

1. e4 c6 2. d4 d5 3. exd5 cxd5 4. c4 Nf6 5. Nc3 e6 6. Nf3 Bb4 7. a3 Bxc3+ 8.
bxc3 O-O 9. Bd3 dxc4 10. Bxc4 Qc7 11. Qd3 Nbd7 12. Bg5 b6 13. Bb5 Bb7 14. Bxd7
Nxd7 15. O-O Rfe8 16. Rfe1 Rac8 17. Rac1 Qd6 18. Qb5 a6 19. Qb4 Qd5 20. Re3 Rc4
21. Qb1 Rec8 22. Be7 Re8 23. Bh4 Rec8 24. Ne1 e5 25. Rd1 exd4 26. Red3 Qf5 27.
cxd4 Be4 0-1

[Event "9. Oeffinger Schachopen"]
[Site "Fellbach-Oeffingen"]
[Date "2018.05.19"]
[Round "3.8"]
[White "Kumcu, Murat"]
[Black "Esterluss, Johannes"]
[Result "1/2-1/2"]
[WhiteElo "1889"]
[BlackElo "2022"]
[PlyCount "64"]
[EventDate "2018.??.??"]
[WhiteTeam "SC Waiblingen"]
[BlackTeam "SC Lorsch"]

1. e4 c5 2. Nc3 Nc6 3. Nf3 e6 4. d4 cxd4 5. Nxd4 a6 6. a3 Qc7 7. Nxc6 dxc6 8.
Bd3 Nf6 9. O-O e5 10. Bg5 Be7 11. Ne2 O-O 12. Ng3 Be6 13. Qe2 b5 14. Rae1 Ne8
15. Bxe7 Qxe7 16. Qe3 f6 17. Rd1 Qa7 18. Qxa7 Rxa7 19. Rd2 g6 20. Rfd1 Kf7 21.
f3 Ke7 22. Bf1 Rd7 23. Rxd7+ Bxd7 24. c4 Nd6 25. c5 Nb7 26. b4 Ra8 27. a4 a5
28. axb5 cxb5 29. Ra1 a4 30. Ne2 Nd8 31. Nc3 Rb8 32. Nd5+ Kf7 1/2-1/2

[Event "9. Oeffinger Schachopen"]
[Site "Fellbach-Oeffingen"]
[Date "2018.05.20"]
[Round "4.1"]
[White "Gheng, Josef"]
[Black "Pfrommer, Martin"]
[Result "1-0"]
[WhiteElo "2328"]
[BlackElo "2002"]
[PlyCount "97"]
[EventDate "2018.??.??"]
[WhiteTeam "SK Wernau"]
[BlackTeam "SV Schorndorf"]

1. c4 e5 2. Nf3 Nc6 3. Nc3 Nf6 4. g3 Bc5 5. d3 d6 6. a3 a5 7. Bg2 O-O 8. Bg5 h6
9. Bd2 Qe7 10. O-O Nd4 11. e3 Nxf3+ 12. Qxf3 Bg4 13. Nd5 Nxd5 14. Qxg4 Nf6 15.
Qh4 c6 16. d4 Bb6 17. Bc3 Bc7 18. Rae1 Qe6 19. dxe5 dxe5 20. Bh3 Qe7 21. Rd1
Rad8 22. Bf5 Rxd1 23. Rxd1 Rd8 24. Rc1 g6 25. Bc2 Kg7 26. Qh3 Nh7 27. Qf1 Ng5
28. f4 Nh7 29. Kh1 Nf6 30. Qf3 Nd7 31. Rf1 f6 32. h4 Nc5 33. Qg4 Qe8 34. h5 e4
35. Kg2 Nd3 36. Rh1 b5 37. cxb5 cxb5 38. hxg6 Qxg6 39. Qe6 Rf8 40. Qc6 b4 41.
axb4 axb4 42. Bxd3 exd3 43. Bxb4 Rf7 44. Kf3 h5 45. Kf2 Qf5 46. Qc5 Qxc5 47.
Bxc5 Rd7 48. Rd1 Kg6 49. Bd4 1-0

[Event "9. Oeffinger Schachopen"]
[Site "Fellbach-Oeffingen"]
[Date "2018.05.20"]
[Round "4.2"]
[White "Gustain, Marc"]
[Black "Beckers, Manfred"]
[Result "1/2-1/2"]
[WhiteElo "2142"]
[BlackElo "1890"]
[PlyCount "104"]
[EventDate "2018.??.??"]
[WhiteTeam "SF Deizisau"]
[BlackTeam "SC Plüderhausen"]

1. e4 Nf6 2. e5 Nd5 3. c4 Nb6 4. d4 d6 5. exd6 exd6 6. Nc3 Bf5 7. Bd3 Qd7 8.
Nge2 Nc6 9. O-O Be7 10. b3 O-O 11. Be3 Bxd3 12. Qxd3 Rfe8 13. Nf4 Bf8 14. Qd2
Ne7 15. f3 Nf5 16. Bf2 g6 17. Rad1 Bg7 18. a4 Rad8 19. d5 Qc8 20. Ne4 Nd7 21.
Ne2 Nf6 22. N2c3 b6 23. Rfe1 h5 24. Re2 a6 25. Nxf6+ Bxf6 26. Ne4 Bg7 27. a5
bxa5 28. Qxa5 Qb7 29. Rd3 Kf8 30. Ra2 Ra8 31. Qd2 Reb8 32. g3 Qb4 33. Kg2 Qxd2
34. Nxd2 Rb4 35. Ra5 Ke8 36. g4 hxg4 37. fxg4 Nh6 38. h3 f5 39. Bd4 Kf8 40.
Bxg7+ Kxg7 41. Kg3 Rb6 42. Nf3 Re8 43. Ng5 Kf6 44. Ne6 Nf7 45. Nxc7 Reb8 46.
Rxa6 Rxb3 47. Ra3 Rxd3+ 48. Rxd3 Rc8 49. Ne6 Rxc4 50. Re3 Ng5 51. Nf4 Ne4+ 52.
Kf3 Ng5+ 1/2-1/2